Lucifer - Statistics

General Stats
  • This quiz has been taken 167 times
  • The average score is 16 of 20
Answer Stats
Hint Answer % Correct
the devil lucifer
99%
who the devil likes chloe
98%
ex husband of the above dan
96%
demon maze
94%
adam and ____ from the bible eve
93%
the club the devil owns lux
93%
daughter of the above trixie
92%
brother of #2, #14 amenadiel
90%
forensic scientist ella
88%
therapist linda
88%
twin brother of the devil michael
83%
the devil's fake wife candy
80%
the worlds first murderer marcus
80%
the devil's brother who he killed uriel
74%
the devil's job for lapd civilian consultant
71%
the priest who wants to send the devil back to hell father kinley
61%
who #4 had a crush on charlotte
58%
#9 ghost friend, the devil's sister azrael
52%
#3 father john
42%
who died in a drive by in the first episode delilah
26%
No matching quizzes found
Score Distribution
Percent of People with Each Score
Percentile by Number Answered
Your Score History
You have not taken this quiz